000 00638nam a2200217 i 4500
001 135171
003 ES-MaACL
005 20230906194824.0
007 t|
008 070711s1941 sp ||||1| spa d
080 _a616.4-002.6(04)
100 1 _aTomé Bona, Javier María.
_9110546
245 1 0 _aSífilis del sistema linfático /
_cJavier María Tomé Bona.
260 _aBarcelona :
_bSalvat,
_c1941.
300 _a149 p. ;
_c23 cm.
490 1 _aManuales de medicina práctica
650 0 4 _aSífilis.
_917092
830 0 _aManuales de medicina práctica
_9181070
852 _aES-MaACL
_jE-627
_bR.21154
999 _c135171
_d135171